[Event "Admiral Niels Juel Cup 2013"]
[Site "Asgaard Skole, Koege"]
[Date "2013.04.21"]
[Round "2.10"]
[White "Narciso Dublan, Marc"]
[Black "Shaikh, Mohammad Nubairshah"]
[Result "1-0"]
[WhiteElo "2551"]
[BlackElo "2166"]
[WhiteTeam "?"]
[BlackTeam "?"]

1.e4 c6 2.d4 d5 3.Nd2 dxe4 4.Nxe4 Bf5 5.Nc5 e5 6.Nxb7 Qb6 7.Nc5 Bxc5 8.
dxc5 Qxc5 9.c3 Nf6 10.Nf3 O-O 11.Be2 Nbd7 12.O-O Qb6 13.Nd2 Rfd8 14.Nc4 
Qc7 15.Qd6 Qxd6 16.Nxd6 Be6 17.Nb7 Rdc8 18.Na5 Rab8 19.Re1 Nc5 20.Bc4 Bxc4
21.Nxc4 Nd3 22.Re2 Re8 23.Be3 a6 24.Rd1 e4 25.Bd4 Re6 26.Bxf6 gxf6 27.b3 
Kg7 28.Re3 f5 29.f3 Rbe8 30.fxe4 fxe4 31.Rf1 Nc5 32.Rg3+ Rg6 33.Nd6 Re6 
34.Nf5+ Kf8 35.Rh3 h6 36.Rh5 Nd3 37.Ne3 Rg5 38.Rxg5 hxg5 39.Rf5 f6 40.g3 
Ne5 41.Kf1 Rd6 42.Ke2 Ke7 43.Rxe5+ fxe5 44.Nf5+ Ke6 45.Nxd6 Kxd6 46.h4 
gxh4 47.gxh4 Ke6 48.Ke3 Kf5 49.b4 Kg4 50.Kxe4 Kxh4 51.Kxe5 Kg5 52.Kd6 1-0